000 00310nam a2200121Ia 4500
008 190802s9999 xx 000 0 und d
020 _a978-81-315-2942-3
100 _aDavid N.Hyman
245 0 _apublic Finance a Contemporay
260 _aNew Delhi
_bCengage Learning
_c2014
300 _a698:p
942 _cBK
999 _c2096
_d2096